Del desert al pol : temps i clima / Jeroni Lorente, Àngel Redaño temps i clima / Jeroni Lorente, Àngel Redaño
Publicado:
Barcelona :
Graó : Servei d' Ensenyament i Investigació de la Diputació de Barcelona ,
1988
Descripción Física:
63 p. : il. ; 20 x 21 cm
Colección:
Biblioteca de la classe ; 36
Otros Autores:
Redaño Xipell, Àngel
MARC
| LEADER | 00000nam a2200000Ia 4500 | ||
|---|---|---|---|
| 001 | 8281 | ||
| 008 | 160829s1988 xx 000 0 cat d | ||
| 080 | |a C-1-389 | ||
| 100 | |a Lorente i Castelló, Jeroni |9 30984 | ||
| 245 | |a Del desert al pol : |b temps i clima / Jeroni Lorente, Àngel Redaño | ||
| 260 | |a Barcelona : |b Graó : |b Servei d' Ensenyament i Investigació de la Diputació de Barcelona, |c 1988 | ||
| 300 | |a 63 p. : |b il. ; |c 20 x 21 cm | ||
| 490 | |a Biblioteca de la classe ; 36 | ||
| 650 | |a Temps (Meteorologia) |9 30985 | ||
| 650 | |a Climatologia |9 30986 | ||
| 700 | |a Redaño Xipell, Àngel |9 30988 | ||
| 710 | 1 | |a Barcelona (Catalunya : Província). |b Servei d'Ensenyament i Investigació |9 54366 | |
| 901 | |a Arxiu | ||
| 942 | |n 1 | ||
| 952 | |0 0 |1 0 |4 0 |6 C1389 |7 1 |9 45590 |a Arxiu |b Arxiu |d 2016-12-01 |l 0 |o C-1-389 |p 8281 |r 2016-12-01 00:00:00 |w 2016-12-01 |y ARXIU | ||
| 999 | |c 48758 |d 48758 | ||